000 00574nam a2200205Ia 4500
003 GCL
008 140319s9999 xx 000 0 ara d
040 _aGCL /
_cGCL
082 0 4 _a109
_bب ا
100 1 _aبوليترز، جورج
245 1 0 _aاصول الفلسفة الماركسية 1 - 2 /
_cبوليترز، جورج
700 1 _aبيس، جى
700 1 _aكافين، موريس
700 1 _aشعبان بركات
300 _aمتعدد
490 _a
650 0 4 _aالفلسفة
650 0 4 _aالفلسفة اليونانية
942 _2ddc
_cBK
999 _c41144
_d41144